Rice agroecosystem of the MUDA Irrigation Scheme, Malaysia

Corporate Authors: Institut Penyelidikan Teknologi Nuklear Malaysia, Lembaga Kemajuan Pertanian Malaysia
Other Authors: Nashriyah Mat
Published: Bangi: Malaysian Institute for Nuclear Technology Research (MINT), 1998.
Subjects:
LEADER 01010cam a2200217 7i4500
001 0000009523
005 20130107090000.0
020 0 0 |a 9679970043  
090 0 0 |a SB 191 .R5   |b R5 1998 
245 0 0 |a Rice agroecosystem of the MUDA Irrigation Scheme, Malaysia   |c editors Nashriyah binti Mat ... [et al.]. 
260 0 0 |a Bangi:   |b Malaysian Institute for Nuclear Technology Research (MINT),   |c 1998. 
300 # # |a xviii, 255 p.:   |b ill. (some col.);   |c 26 cm.. 
650 0 0 |a Rice --   |x Disease and pest resistance --   |x Research --   |z Muda Irrigation Scheme  
650 0 0 |a Rice --   |x Weed control --   |x Research --   |z Muda Irrigation Scheme  
650 0 0 |a Rice --   |x Planting --   |x Research --   |z Muda Irrigation Scheme  
700 0 1 |a Nashriyah Mat  
710 2 1 |a Institut Penyelidikan Teknologi Nuklear Malaysia  
710 2 1 |a Lembaga Kemajuan Pertanian Malaysia  
999 |a 1100068076  |b Book  |c Open Shelf  |e KOLEKSI TERBUKA 
999 |a 1000400303  |b Book  |c Open Shelf  |e KOLEKSI TERBUKA 
999 |a 1000399042  |b Book  |c Open Shelf  |e KOLEKSI TERBUKA